Dissociative disorders (Record no. 353916)
[ view plain ]
| 000 -LEADER | |
|---|---|
| fixed length control field | 00437nam a2200097Ia 4500 |
| 008 - FIXED-LENGTH DATA ELEMENTS--GENERAL INFORMATION | |
| fixed length control field | 180130s9999 xx 000 0 und d |
| 245 ## - TITLE STATEMENT | |
| Statement of responsibility, etc | Lynn, Steven Jay; Berg, Joanna M.; Lilienfeld, Scott O.; Merckelbach, Harald; Giesbrecht, Timo; Accardi, Michelle; Cleere, Colleen |
| Title | Dissociative disorders |
| 260 ## - PUBLICATION, DISTRIBUTION, ETC. (IMPRINT) | |
| Date of publication, distribution, etc | 2014 |
| 300 ## - PHYSICAL DESCRIPTION | |
| Extent | Book title: Adult psychopathology and diagnosis--Acession number C20776; pages 407-450 |
| 650 ## - SUBJECT ADDED ENTRY--TOPICAL TERM | |
| Topical term or geographic name as entry element | PSYCHOPATHOLOGY |
| Withdrawn status | Lost status | Damaged status | Home library | Current library | Date acquired | Total Checkouts | Date last seen | Price effective from | Koha item type |
|---|---|---|---|---|---|---|---|---|---|
| College Library | College Library | 01/30/2018 | 01/30/2018 | 01/30/2018 | Book Chapter |